ARRUPE JESUIT UNIVERSITY

CORONAVIRUS -STOP THE SPREAD - CLEAN,DISINFECT,COVER

The Sun will rise (Record no. 121488)

MARC details
000 -LEADER
fixed length control field 01032cam a2200289 a 4500
001 - CONTROL NUMBER
control field 1869704
003 - CONTROL NUMBER IDENTIFIER
control field ARRUPE
005 - DATE AND TIME OF LATEST TRANSACTION
control field 20141219132711.0
008 - FIXED-LENGTH DATA ELEMENTS--GENERAL INFORMATION
fixed length control field 830317s1981 enka 000 0 eng
010 ## - LIBRARY OF CONGRESS CONTROL NUMBER
LC control number 82187099
020 ## - INTERNATIONAL STANDARD BOOK NUMBER
International Standard Book Number 0904759431 (pbk.) :
Terms of availability £1.20
040 ## - CATALOGING SOURCE
Original cataloging agency DLC
Transcribing agency DLC
Modifying agency DLC
-- DLC
043 ## - GEOGRAPHIC AREA CODE
Geographic area code f-sa---
050 00 - LIBRARY OF CONGRESS CALL NUMBER
Classification number DT779.9
Item number .S9 1981
082 00 - DEWEY DECIMAL CLASSIFICATION NUMBER
Classification number 364.1/3
Edition number 19
300 ## - PHYSICAL DESCRIPTION
Other physical details ill. ;
Dimensions 21 cm.
245 04 - TITLE STATEMENT
Title The Sun will rise
Remainder of title statements from the dock by Southern African political prisoners /
Statement of responsibility, etc edited by Mary Benson.
250 ## - EDITION STATEMENT
Edition statement Rev. and enl. ed.
260 ## - PUBLICATION, DISTRIBUTION, ETC. (IMPRINT)
Place of publication, distribution, etc London :
Name of publisher, distributor, etc International Defence and Aid Fund for Southern Africa,
Date of publication, distribution, etc 1981.
300 ## - PHYSICAL DESCRIPTION
Extent 80 p. :
650 #0 - SUBJECT ADDED ENTRY--TOPICAL TERM
Topical term or geographic name as entry element Political prisoners
Geographic subdivision South Africa.
9 (RLIN) 13373
651 #0 - SUBJECT ADDED ENTRY--GEOGRAPHIC NAME
Geographic name South Africa
General subdivision Politics and government
Chronological subdivision 1961-1978.
9 (RLIN) 13374
651 #0 - SUBJECT ADDED ENTRY--GEOGRAPHIC NAME
Geographic name South Africa
General subdivision Politics and government
Chronological subdivision 1978-
9 (RLIN) 13375
651 #0 - SUBJECT ADDED ENTRY--GEOGRAPHIC NAME
Geographic name South Africa
General subdivision Race relations.
9 (RLIN) 13376
700 1# - ADDED ENTRY--PERSONAL NAME
Personal name Benson, Mary.
9 (RLIN) 8537
906 ## - LOCAL DATA ELEMENT F, LDF (RLIN)
a 7
b cbc
c orignew
d 2
e ncip
f 19
g y-gencatlg
942 ## - ADDED ENTRY ELEMENTS (KOHA)
Source of classification or shelving scheme Library of Congress Classification
Koha item type SPC
Holdings
Withdrawn status Lost status Source of classification or shelving scheme Damaged status Not for loan Collection code Home library Current library Shelving location Date acquired Total Checkouts Full call number Barcode Date last seen Price effective from Koha item type
    Library of Congress Classification     SPECIAL Collection ARRUPE LIBRARY ARRUPE LIBRARY Main Collection 11/12/2014   SPC DT779.9 .S9 1976 46500003431 11/12/2014 11/12/2014 SPC
    Library of Congress Classification     Main Collection ARRUPE LIBRARY ARRUPE LIBRARY Main Collection 13/09/2016   DT779.9 .S9 1976 46500010180 07/12/2017 13/09/2016 SPC

 

Arrupe Library. PO Box MP320 Mt Pleasant, Harare, Zimbabwe
263 242 745411|librarian@aju.ac.zw